Personnel management. (Record no. 16228)
[ view plain ]
| 000 -LEADER | |
|---|---|
| fixed length control field | 00353cas a2200133I 4500 |
| 040 ## - CATALOGING SOURCE | |
| Transcribing agency | KSW |
| 082 ## - DEWEY DECIMAL CLASSIFICATION NUMBER | |
| Classification number | 658 PER 1963 A105 Or. |
| 245 00 - TITLE STATEMENT | |
| Title | Personnel management. |
| 260 ## - PUBLICATION, DISTRIBUTION, ETC. (IMPRINT) | |
| Place of publication | [London : |
| Name of publisher | Business Publications] |
| 300 ## - PHYSICAL DESCRIPTION | |
| Number of Pages | v. : |
| Other physical details | ill., ports. ; |
| Dimensions | 30 cm. |
| 650 #0 - SUBJECT ADDED ENTRY--TOPICAL TERM | |
| Topical Term | Personnel management |
| 710 2# - ADDED ENTRY--CORPORATE NAME | |
| Corporate name or jurisdiction name as entry element | Institute of Personnel Management. |
| 942 ## - ADDED ENTRY ELEMENTS (KOHA) | |
| Koha item type | សៀវភៅភាសាអង់គ្លេស |
| 952 ## - LOCATION AND ITEM INFORMATION (KOHA) | |
| Withdrawn status [LOCAL, KOHA] | 0 |
| Permanent Location | Date acquired | Koha item type | Lost status | Shelving location | Barcode | Current Location | Full call number |
|---|---|---|---|---|---|---|---|
| Library Block A | 2018-01-24 | សៀវភៅភាសាអង់គ្លេស | A105 | A24367 | Library Block A | 658 PER 1963 A105 Or. |